S02-2 駅名クイズ - JR東日本(甲信越) ver. - Statistics

General Stats
  • This quiz has been taken 126 times
  • The average score is 166 of 350
Answer Stats
Number Answer % Correct
長岡
98%
新潟
98%
越後湯沢
96%
燕三条
96%
| SE13 長野
96%
96%
安中榛名
94%
軽井沢
94%
上越妙高
94%
浦佐
93%
佐久平
93%
飯山
93%
| CO51 小淵沢
93%
42 | SN06 松本
93%
上田
91%
| CO61 | SN01 塩尻
91%
辰野
91%
ガーラ湯沢
91%
上毛高原
89%
SE09 | SN15 篠ノ井
89%
新津
89%
CO57 上諏訪
87%
CO58 下諏訪
87%
| CO59 岡谷
87%
土合
87%
弥彦
87%
CO60 みどり湖
85%
直江津
85%
三条
85%
新発田
85%
9 南小谷
85%
CO56 茅野
83%
水上
83%
柏崎
83%
SN05 南松本
83%
村上
83%
十日町
83%
CO53 富士見
81%
東三条
81%
小海
81%
小諸
80%
湯檜曽
78%
六日町
78%
41 北松本
78%
23 信濃大町
78%
越後川口
76%
坂町
76%
吉田
76%
只見
76%
小出
74%
SN13 姨捨
74%
酒田
74%
13 白馬
74%
土樽
72%
野辺山
72%
CO54 すずらんの里
70%
越後中里
70%
小千谷
70%
宮内
70%
見附
70%
CO52 信濃境
69%
| SE11 川中島
69%
豊野
69%
東新潟
67%
喜多方
67%
小野
65%
岩原スキー場前
65%
SN02 広丘
65%
SN03 村井
65%
SN11 聖高原
65%
あつみ温泉
65%
戸狩野沢温泉
65%
CO55 青柳
63%
上越国際スキー場前
63%
犀潟
63%
北長岡
63%
鶴岡
63%
余目
63%
越後堀之内
61%
加茂
61%
鼠ケ関
61%
豊栄
61%
| SE12 安茂里
59%
亀田
59%
SN08 明科
59%
中条
59%
32 穂高
59%
白山
59%
SN04 平田
57%
五泉
57%
甲斐小泉
57%
清里
57%
津南
57%
34 豊科
57%
出雲崎
57%
五日町
56%
水原
56%
西新発田
56%
北三条
56%
川岸
54%
信濃川島
54%
塩沢
54%
森宮野原
54%
刈羽
54%
柿崎
52%
甲斐大泉
52%
西燕
52%
今泉
52%
石打
50%
| SE10 今井
50%
来迎寺
50%
さつき野
50%
古津
48%
越後石山
48%
24 南大町
48%
22 北大町
48%
寺泊
48%
48%
内野
48%
大沢
46%
北堀之内
46%
羽生田
46%
府屋
46%
野沢
46%
八色
44%
鯨波
44%
東光寺
44%
SN07 田沢
44%
佐々木
44%
信濃川上
44%
東小諸
44%
新潟大学前
44%
小国
44%
大白川
44%
黒井
43%
青海川
43%
帯織
43%
田上
43%
SN12 冠着
43%
SN14 稲荷山
43%
東新津
43%
東柏崎
43%
北五泉
41%
関屋
41%
越後滝谷
39%
土底浜
39%
押切
39%
矢代田
39%
SN09 西条
39%
東酒田
39%
中込
39%
岩村田
39%
北飯山
39%
分水
39%
北吉田
39%
荻川
37%
京ケ瀬
37%
越後寒川
37%
津川
37%
乙女
37%
南吉田
37%
茨目
35%
SN10 坂北
35%
北余目
35%
新崎
35%
越後曽根
35%
上所
35%
矢作
35%
月岡
33%
33%
31 有明
33%
18 簗場
33%
潟町
31%
30 安曇追分
31%
内野西が丘
31%
羽前椿
31%
越後広田
30%
間島
30%
桑川
30%
砂越
30%
大形
30%
早通
30%
佐久海ノ口
30%
越後田中
30%
越後田沢
30%
小針
30%
青山
30%
越後金丸
30%
長鳥
28%
越後岩塚
28%
保内
28%
加治
28%
岩船町
28%
越後早川
28%
黒山
28%
北中込
28%
40 島内
28%
37 一日市場
28%
35 南豊科
28%
21 信濃木崎
28%
15 神城
28%
越後赤塚
28%
寺尾
28%
越後大島
28%
魚沼田中
28%
上下浜
26%
米山
26%
平木田
26%
三川
26%
馬下
26%
松原湖
26%
龍岡城
26%
替佐
26%
38 梓橋
26%
33 柏矢町
26%
27 信濃松川
26%
12 信濃森上
26%
越後下関
26%
入広瀬
26%
笠島
24%
安田
24%
北条
24%
前川
24%
勝木
24%
藤島
24%
咲花
24%
信濃浅野
24%
越後鹿渡
24%
39 島高松
24%
25 信濃常盤
24%
西山
24%
越後須原
24%
塚山
22%
今川
22%
羽前大山
22%
日出谷
22%
佐久広瀬
22%
海瀬
22%
臼田
22%
魚沼中条
22%
26 安曇沓掛
22%
10 千国
22%
礼拝
22%
小木ノ城
22%
粟生津
22%
岩室
22%
越後広瀬
22%
藪神
22%
神山
20%
中浦
20%
三瀬
20%
羽前水沢
20%
山都
20%
新関
20%
海尻
20%
中佐都
20%
三岡
20%
上桑名川
20%
36 中萱
20%
16 南神城
20%
11 白馬大池
20%
西中通
20%
小島谷
20%
越後片貝
20%
平林
19%
小波渡
19%
豊実
19%
鹿瀬
19%
八千穂
19%
美里
19%
上境
19%
桑名川
19%
越後水沢
19%
下条
19%
29 細野
19%
28 北細野
19%
19 海ノ口
19%
荒浜
19%
手ノ子
19%
羽前松岡
19%
金塚
17%
徳沢
17%
猿和田
17%
太田部
17%
立ケ花
17%
越後岩沢
17%
内ケ巻
17%
妙法寺
17%
伊佐領
17%
上条
17%
小岩川
15%
五十川
15%
西袋
15%
羽黒下
15%
滑津
15%
信濃平
15%
信濃白鳥
15%
20 稲尾
15%
14 飯森
15%
尾登
13%
東下条
13%
土市
13%
石地
13%
桐原
13%
荻野
11%
上野尻
11%
五十島
11%
足滝
11%
萩生
11%
羽前沼沢
11%
馬流
9%
青沼
9%
上今井
9%
西大滝
9%
横倉
9%
高岩
7%
平滝
7%
No matching quizzes found
Score Distribution
Percent of People with Each Score
Percentile by Number Answered
Your Score History
You have not taken this quiz